1061 1974 1695 1345 1204 1412 1579 1055 1787 1875 1690 1115 1214 1909 1858 1425 1987 1522 1318 1428 1054 1226 1582 1363 1854 1330 1732 1087 1896 1459 1209 1674 1284 1877 1062 1124 1144 1751 1632 1095 1353 1029 1872 1030 1112 1521 1374 1516 1390 1260 1698 1571 1736 1569 1435 1854 1090 1873 2000 1730 1392 1433 1446 1425 1341 1289 1071 1881 1181 1175 1114 1405 1913 1167 1180 1023 1148 1340 1405 1431 1452 1786 1581 1331 1117 1379 1536 1437 1062 1360 1502 1817 1840 1245 1923 1993 1396 1899 1445 BCNSPRNW ULIB Ver.6.0+V

เปลี่ยนเป็นภาษาไทย

Change to English
 แสดงรายละเอียดบรรณานุกรม
  กลับหน้าหลัก

Brief Record : Get Marc (ISO 2709) : E-mail record : QR code < ปิดหน้าต่าง
LEADER : 00000nam 2200000uu 4500
001    13399110908
003     ULIB
008    110613s||||||||th 000 0 tha d
020    9749006596
050  4 AC158^bค155ซ 2546
100    ครอนไคน์, โดนัลด์
245    เซลล์และพันธุกรรม/ ^cผู้แต่ง ครอนไคน์, โดนัลด์; แปลและเรียบเรียง ตรัยเทพ เกษศิลป์
246 31 สำรวจโลกวิทยาศาสตร์
260    กรุงเทพฯ : ^bเพียร์สัน เอ็ดดูเคชั่น อินโดไชน่า, ^c2546
300    200 หน้า : ^bภาพประกอบ ; ^c28 ซม.
490    สำรวจโลกวิทยาศาสตร์
650  7 เซล์
650  7 วิทยาศาสตร์ ^xการทดลอง
650  7 พันธุกรรม
700    ตรัยเทพ เกษศิลป์, ^eผู้แปล
945    ^p0^l0^i028558
995    ทศพร
999 ^a ใช้งานได้ทุกระบบ
รายการนี้ยังไม่มีแท็ก
คุณยังไม่ได้ล็อกอิน คุณสามารถมีกิจกรรมร่วมกับเว็บไซต์ได้ แต่ต้องล็อกอินก่อน ::
  ล็อกอิน

รายการสื่อสารสนเทศ

ลำดับที่ ประเภท เลขเรียก/บาร์โค้ด สถานที่ สถานะ
- ไม่พบข้อมูล -

รายการใกล้เคียง
    หัวเรื่อง [พันธุกรรม]

BibComment


ยังไม่เคยถูกคอมเมนท์

คอมเมนท์ทรัพยากรรายการนี้
  คอมเมนท์: เซลล์และพันธุกรรม..


 Copyright 2026. Bcnsprnw @Library